000 00780nam a2200289Ia 4500
005 20260324144729.0
008 008 260324s9999 xx 000 0 eng d
020 _a9781315826202
037 _aEBOOK
040 _aCRL
040 _beng
040 _cCRL
041 _2eng
041 _aeng
084 _qCRL
100 _aRobert DeBellis; Eric Marcus; Austin H. Kutscher; Carole Smith Torres; Virginia Barrett; Mary-Ellen Siegel
_91220397
245 0 _aSuffering
245 0 _bPsychological and Social Aspects in Loss, Grief, and Care
260 _bTaylor and Francis
260 _c1986
365 _a
365 _b71.99
856 _uhttp://www.taylorfrancis.com/books/9781315826202
942 _cEBOOK
999 _c1827385
_d1827385